Κατάλογος Βιβλιοθηκών Mediterranean College

Μάνατζμεντ Μικρομεσαίων Επιχειρήσεων / Ένατη Έκδοση (Record no. 727)

MARC details
000 -LEADER
fixed length control field 03254cam a22002414a 4500
005 - ΗΜΕΡΟΜΗΝΙΑ ΚΑΙ ΩΡΑ ΤΕΛΕΥΤΑΙΑΣ ΕΝΗΜΕΡΩΣΗΣ
Πεδίο ελέγχου 20250605163944.0
008 - FIXED-LENGTH DATA ELEMENTS--GENERAL INFORMATION
Πεδίο ελέγχου σταθερού μήκους 250528s ||||||||||||||||||||||||d
035 ## - SYSTEM CONTROL NUMBER
System control number 15133
020 ## - ISBN
ISBN 9602861878
040 ## - ΠΗΓΗ ΚΑΤΑΛΟΓΟΓΡΑΦΗΣΗΣ
Φορέας πρωτότυπης καταλογογράφησης MC Athens Campus Library
Γλώσσα καταλογογράφησης Ελληνικά, Μοντέρνα (1453-)
Modifying agency MC Athens Campus Library
Κανόνες περιγραφικής καταλογογράφησης AACR2
245 1# - ΤΙΤΛΟΣ ΚΑΙ ΔΗΛΩΣΗ ΥΠΕΥΘΥΝΟΤΗΤΑΣ
Τίτλος Μάνατζμεντ Μικρομεσαίων Επιχειρήσεων / Ένατη Έκδοση
250 ## - EDITION STATEMENT
Edition statement
260 ## - PUBLICATION, DISTRIBUTION, ETC.
Name of publisher, distributor, etc. Έλλην,
Date of publication, distribution, etc. 1995
300 ## - PHYSICAL DESCRIPTION
Extent 448
505 0# - FORMATTED CONTENTS NOTE
Formatted contents note Επιχειρηματίες: Η Κινητήρια Δύναμη των Μικρομεσαίων Επιχειρήσεων, Μικρομεσαίες Επιχειρήσεις: Ζωτικό Στοιχείο της Οικονομίας, Πλεονεκτήματα του Ανταγωνισμού: Στρατηγική των Προϊόντων και η Εξυπηρέτηση των Πελατών, Ευκαιρίες Ίδυσης και Πώλησης, Franchising, Ευκαιρίες Οικογενειακών Επιχειρήσεων, Η Δημιουργία Ενός Επίσημου Σχεδίου της Επιχείρησης, Δημιουργία του Σχεδίου Μάρκετινγκ, Επιλογή της Μορφής Ιδιοκτησίας, Στρατηγικές Τιμολόγησης και Πίστωσης, Κανάλια Προϊόντων και Διεθνείς Αγορές, Η Διοίκηση των Ανθρώπινων Πόρων, Αγορά και Διαχείριση Αποθεμάτων, Προϋπολογισμού Κεφαλαίου, Τεχνολογία των Υπολογιστών για Μικρομασαίες Επιχειρήσεις, Κοινωνικά και Ηθικά Θέματα, Εργασία Εντός Νομικών Πλαισίων, Περιπτώσεις.
520 ## - SUMMARY, ETC.
Summary, etc. Επιχειρηματίες: Η Κινητήρια Δύναμη των Μικρομεσαίων Επιχειρήσεων, Μικρομεσαίες Επιχειρήσεις: Ζωτικό Στοιχείο της Οικονομίας, Πλεονεκτήματα του Ανταγωνισμού: Στρατηγική των Προϊόντων και η Εξυπηρέτηση των Πελατών, Ευκαιρίες Ίδυσης και Πώλησης, Franchising, Ευκαιρίες Οικογενειακών Επιχειρήσεων, Η Δημιουργία Ενός Επίσημου Σχεδίου της Επιχείρησης, Δημιουργία του Σχεδίου Μάρκετινγκ, Επιλογή της Μορφής Ιδιοκτησίας, Στρατηγικές Τιμολόγησης και Πίστωσης, Κανάλια Προϊόντων και Διεθνείς Αγορές, Η Διοίκηση των Ανθρώπινων Πόρων, Αγορά και Διαχείριση Αποθεμάτων, Προϋπολογισμού Κεφαλαίου, Τεχνολογία των Υπολογιστών για Μικρομασαίες Επιχειρήσεις, Κοινωνικά και Ηθικά Θέματα, Εργασία Εντός Νομικών Πλαισίων, Περιπτώσεις.
700 1# - ΠΡΟΣΘΕΤΗ ΑΝΑΓΡΑΦΗ--ΦΥΣΙΚΟ ΠΡΟΣΩΠΟ
Personal name Longnecker Justin G.
9 (RLIN) 983
700 1# - ΠΡΟΣΘΕΤΗ ΑΝΑΓΡΑΦΗ--ΦΥΣΙΚΟ ΠΡΟΣΩΠΟ
Personal name Moore Carlos W
9 (RLIN) 984
700 1# - ΠΡΟΣΘΕΤΗ ΑΝΑΓΡΑΦΗ--ΦΥΣΙΚΟ ΠΡΟΣΩΠΟ
Personal name Petty William J
9 (RLIN) 985
942 ## - ADDED ENTRY ELEMENTS (KOHA)
Koha item type Books
Holdings
Τύπος τεκμηρίου Βιβλιοθήκη Τρέχουσα τοποθεσία Barcode Αριθμός εισαγωγής Ημερομηνία απόκτησης Ταξιθετικό σύμβολο Αριθμός αντιτύπου Κατάσταση απόσυρσης Κατάσταση χαμένου Κατάσταση κατεστραμμένου Μη δανεισμός Σύνολο δανεισμών Ημερομηνία τελευταίας εμφάνισης Η τιμή ισχύει από
Books MC Athens Campus Library MC Athens Campus Library 9780000007261 1364 05/06/2025 658.022 LON 1           05/06/2025 05/06/2025

MC Athens Campus Library
Πατησίων 94 & Κοδριγκτώνος 13, 104 34
Πελλήνης 8 & Πατησίων 107, 112 51
Τ: +30 210 8899600

MC Thessaloniki Campus Library
Ίωνος Δραγούμη 21, 54625 | Ίωνος Δραγούμη 15, 54625
Τ: +30 2310 287779 – Τ: +30 2314 440300